000 00630nam a2200205Ii 4500
003 JO-AjNU
008 230605s9999||||xx |||||||||||||| ||und||
017 _a1981/2880
040 _aJO-AjNU
_bara
_erda
_cJO-AjNU
041 _aara
050 1 4 _aHB849.4.M8346.1981
100 3 _aعبدالمقصود،محمد زكريا,
_eauthor
_916757
245 0 0 _aدراسات في علم السكان
264 3 1 _aالقاهرة:مكتبة نهضة الشروق،1981
300 _a299ص
336 _atext
_btxt
_2rdacontent
337 _aunmediated
_bn
_2rdamedia
338 _avolume
_bnc
_2rdacarrier
650 4 _aالسكان
_916758
999 _aA5037
_c8605
_d8605